All-Star Team Mondiali 1998 - Statistics

Statistiche generali
  • Questo quiz è stato fatto 23 volte
  • Il punteggio medio è 10 su 16
Statistiche sulle risposte
Ruolo Nazione Calciatore % Corretto
Portiere Francia Fabien Barthez
94%
Attaccante Brasile Ronaldo
94%
Difensore Francia Lilian Thuram
78%
Centrocampista Francia Zinédine Zidane
78%
Difensore Brasile Roberto Carlos
67%
Attaccante Danimarca Brian Laudrup
61%
Attaccante Croazia Davor Šuker
61%
Difensore Paesi Bassi Frank de Boer
61%
Difensore Francia Marcel Desailly
61%
Centrocampista Danimarca Michael Laudrup
61%
Attaccante Paesi Bassi Dennis Bergkamp
56%
Centrocampista Brasile Dunga
56%
Centrocampista Brasile Rivaldo
56%
Centrocampista Paesi Bassi Edgar Davids
39%
Portiere Paraguay José Luis Chilavert
33%
Difensore Paraguay Carlos Gamarra
17%
Nessun quiz corrispondente trovato
Distribuzione punteggi
Percentuale di utenti per punteggio
Percentile per numero di risposta
I tuoi punteggi nel tempo
Non hai fatto questo quiz